|
|
|
|
| LEADER |
01186nam a2200337 a 4500 |
| 001 |
000599712 |
| 003 |
CZ BrMZK |
| 005 |
20130222074943.0 |
| 007 |
ta |
| 008 |
020510s2001 xr g f cze d |
| 015 |
|
|
|a cnb000890632
|
| 020 |
|
|
|a 80-7272-046-5
|
| 035 |
|
|
|a (OCoLC)50228517
|
| 040 |
|
|
|a BOA001
|c ze
|d BOA001
|
| 072 |
|
7 |
|a 821.162.3-3
|x Česká próza
|2 Konspekt
|9 25
|
| 080 |
|
|
|a 821.162.3-3
|2 MRF
|
| 080 |
|
|
|a (0:82-3)
|2 MRF
|
| 080 |
|
|
|a (0:82-4)
|2 MRF
|
| 100 |
1 |
|
|a Listopad, František,
|d 1921-2017
|7 jk01072248
|4 aut
|
| 245 |
1 |
0 |
|a Chinatown s Rózou /
|c František Listopad
|
| 250 |
|
|
|a Vyd. 1.
|
| 260 |
|
|
|a Praha :
|b Dauphin,
|c 2001
|
| 300 |
|
|
|a 111 s. ;
|c 20 cm
|
| 655 |
|
7 |
|a české prózy
|7 fd133972
|2 czenas
|
| 655 |
|
7 |
|a eseje
|7 fd132213
|2 czenas
|
| 856 |
4 |
1 |
|u http://www.digitalniknihovna.cz/mzk/uuid/uuid:3c5fd050-a474-11e2-9a08-005056827e52
|y Digitalizovaný dokument
|x NDK
|
| 910 |
|
|
|a BOA001
|b 2-1102.922
|
| 990 |
|
|
|a BK
|
| 991 |
|
|
|f B-LIS
|
| 996 |
6 |
|
|b 2610160764
|c 2-1102.922
|l MZK
|r Sklad / do 1 hodiny
|n 1
|p p.v.
|w 000599712
|u 000010
|a 1
|e BOA001
|j MZK50
|s P
|
| 996 |
7 |
|
|b 2610228957
|c 2-1102.922
|l MZK
|r Sklad / do 1 hodiny
|n 8
|p p.v.
|w 000599712
|u 000020
|a 1
|e BOA001
|j MZK50
|s A
|